A Dictionary of Military terms / (Record no. 185623)
[ view plain ]
| 000 -LEADER | |
|---|---|
| fixed length control field | 00562 a2200193 4500 |
| 003 - CONTROL NUMBER IDENTIFIER | |
| control field | NUST |
| 005 - DATE AND TIME OF LATEST TRANSACTION | |
| control field | 20221227191624.0 |
| 040 ## - CATALOGING SOURCE | |
| Transcribing agency | Nust |
| 082 ## - DEWEY DECIMAL CLASSIFICATION NUMBER | |
| Classification number | 355.03,CRE |
| 100 ## - MAIN ENTRY--PERSONAL NAME | |
| Personal name | Creswell H.T |
| 9 (RLIN) | 106141 |
| 245 ## - TITLE STATEMENT | |
| Title | A Dictionary of Military terms / |
| Remainder of title | English-Japanese . Japanese-English / |
| Statement of responsibility, etc. | H.T. Creswell, Namba |
| 250 ## - EDITION STATEMENT | |
| Edition statement | American Edition |
| 260 ## - PUBLICATION, DISTRIBUTION, ETC. | |
| Place of publication, distribution, etc. | America |
| Name of publisher, distributor, etc. | University Press |
| Date of publication, distribution, etc. | 1942 |
| 300 ## - PHYSICAL DESCRIPTION | |
| Extent | 1226 and 175 p.; |
| 505 ## - FORMATTED CONTENTS NOTE | |
| Formatted contents note | Contents not Available |
| 600 ## - SUBJECT ADDED ENTRY--PERSONAL NAME | |
| Personal name | H.T.Creswell |
| 9 (RLIN) | 106142 |
| 650 ## - SUBJECT ADDED ENTRY--TOPICAL TERM | |
| Topical term or geographic name entry element | Militar Terms |
| 9 (RLIN) | 106143 |
| 942 ## - ADDED ENTRY ELEMENTS (KOHA) | |
| Source of classification or shelving scheme | |
| Koha item type | Book |
| Call number prefix | 355.03,CRE |
| Withdrawn status | Lost status | Source of classification or shelving scheme | Damaged status | Not for loan | Permanent Location | Current Location | Shelving location | Date acquired | Full call number | Barcode | Date last seen | Price effective from | Koha item type | Public note |
|---|---|---|---|---|---|---|---|---|---|---|---|---|---|---|
| Military College of Signals (MCS) | Military College of Signals (MCS) | General Stacks | 12/12/2016 | 355.03,CRE | MCS20744 | 12/08/2016 | 12/12/2016 | Book | Almirah No.52, Shelf No.4 |
